Socialist nationalisation of industry

Tallennettuna:
Bibliografiset tiedot
Päätekijä: Vinogradov, V.
Aineistotyyppi: Kirja
Kieli:Undetermined
Julkaistu: Moscow Progress Publishers 1966
Aiheet:
Tagit: Lisää tagi
Ei tageja, Lisää ensimmäinen tagi!
Thư viện lưu trữ: Trung tâm Học liệu Trường Đại học Cần Thơ
LEADER 00474nam a2200169Ia 4500
001 CTU_79572
008 210402s9999 xx 000 0 und d
082 |a 333.1 
082 |b V788 
100 |a Vinogradov, V. 
245 0 |a Socialist nationalisation of industry 
245 0 |c V. Vinogradov 
260 |a Moscow 
260 |b Progress Publishers 
260 |c 1966 
650 |a Government ownership,Land economics 
980 |a Trung tâm Học liệu Trường Đại học Cần Thơ